Technology in America : A history of individual and ideas

Tallennettuna:
Bibliografiset tiedot
Päätekijä: Pursell, Carroll W.
Aineistotyyppi: Kirja
Kieli:Undetermined
Julkaistu: Usica Dave Moores 1979
Aiheet:
Tagit: Lisää tagi
Ei tageja, Lisää ensimmäinen tagi!
Thư viện lưu trữ: Trung tâm Học liệu Trường Đại học Cần Thơ
LEADER 00548nam a2200205Ia 4500
001 CTU_84413
008 210402s9999 xx 000 0 und d
082 |a 609.73 
082 |b P986 
100 |a Pursell, Carroll W. 
245 0 |a Technology in America : 
245 2 |b A history of individual and ideas 
245 0 |c Carroll W. Pursell 
260 |a Usica 
260 |b Dave Moores 
260 |c 1979 
650 |a Technology 
650 |z United States 
904 |i QHieu(sửa) 
980 |a Trung tâm Học liệu Trường Đại học Cần Thơ